Les 15 estacions del Metro de Barcelona amb més usuaris - Estadísticas

Estadísticas generales
  • Esta prueba ha sido intentada 131 veces
  • La puntuación promedio es 12 de 15
Estadísticas de respuestas
Línies Milions d'usuaris Parada % Correcto
L1 i L3 17,5 Catalunya
97%
L2, L3 i L4 10,7 Passeig de Gràcia
94%
L3 i L5 11,4 Sants Estació
91%
L1 i L3 15,1 Espanya
90%
L2 i L5 12,6 Sagrada Família
90%
L3 i L5 16,2 Diagonal
89%
L1 i L5 11,4 La Sagrera
83%
L1 i L4 8,2 Urquinaona
83%
L1 i L2 8,1 Universitat
82%
L2 i L3 8,4 Paral·lel
79%
L5, L9S i L10S 8,2 Collblanc
71%
L1 i L2 7,7 Clot
70%
L3 7,6 Liceu
68%
L1 6,9 Glòries
64%
L5 7,5 Hospital Clínic
55%
No se encontraron pruebas coincidentes
Distribución de puntuación
Porcentaje de gente con cada puntuación
Porcentaje por número respondido
Historial de tus puntuaciones
No has intentado esta prueba.